[Event "Deutsche Ländermeisterschaft 2014"]
[Site "Hannover GER"]
[Date "2014.10.06"]
[Round "6"]
[White "Schumann, Rabea"]
[Black "Pfreundt, Jakob"]
[Result "0-1"]
[Termination "normal"]
[Board "9.3"]
[WhiteElo "1708"]
[BlackElo "2040"]
[WhiteTeam "Mecklenburg-Vorpommern"]
[BlackTeam "Hamburg"]
[PlyCount "112"]
[WhiteFideId "12918199"]
[BlackFideId "12918156"]
[EventCountry "GER"]
[EventRounds "7"]
[EventType "team-swiss"]
[EventDate "2014.10.02"]

1. c4 c5 2. g3 g6 3. Bg2 Bg7 4. e3 Nc6 5. Ne2 e5 6. Nbc3 Nge7 7. O-O d6 8. d3
O-O 9. Rb1 Be6 10. a3 d5 11. cxd5 Nxd5 12. Ne4 b6 13. Qc2 Rc8 14. b3 f5 15. Nd2
Qd7 16. Bb2 Rfd8 17. Rfd1 Qf7 18. Nc3 Nde7 19. Nc4 a6 20. Ba1 b5 21. Nd2 Bf6
22. Ne2 Rd7 23. f4 exf4 24. Nxf4 Bxa1 25. Rxa1 Ne5 26. Nxe6 Qxe6 27. Nf3 Nxf3+
28. Bxf3 Qxe3+ 29. Kg2 Qd4 30. Qe2 Qd6 31. Rac1 Rcd8 32. Kg1 Kf8 33. Qe3 Qd4
34. Qxd4 cxd4 35. Rc5 Nd5 36. Bxd5 Rxd5 37. Rdc1 Rxc5 38. Rxc5 Re8 39. Rd5 Re1+
40. Kf2 Rb1 41. b4 Rb2+ 42. Kg1 Rb3 43. Rxd4 Rxa3 44. Rd7 Rb3 45. Ra7 Rxd3 46.
Rxh7 Rb3 47. Ra7 Rxb4 48. Rxa6 Kg7 49. Rb6 Rb2 50. Kh1 Kh6 51. Kg1 Kh5 52. Kh1
g5 53. Rf6 Kg4 54. Kg1 b4 55. Rb6 Kf3 56. h4 Kxg3 0-1

[Event "Deutsche Ländermeisterschaft 2014"]
[Site "Hannover GER"]
[Date "2014.10.06"]
[Round "6"]
[White "Krüger, David"]
[Black "Schmekel, Florian"]
[Result "1-0"]
[Termination "normal"]
[Board "9.4"]
[WhiteElo "2036"]
[BlackElo "1792"]
[WhiteTeam "Hamburg"]
[BlackTeam "Mecklenburg-Vorpommern"]
[PlyCount "79"]
[WhiteFideId "12921858"]
[BlackFideId "12913456"]
[EventCountry "GER"]
[EventRounds "7"]
[EventType "team-swiss"]
[EventDate "2014.10.02"]

1. e4 c5 2. Nf3 Nc6 3. d4 cxd4 4. Nxd4 g6 5. c4 Bh6 6. Nc2 Bxc1 7. Qxc1 Nf6 8.
Nc3 O-O 9. Be2 d6 10. O-O a5 11. Kh1 Nd7 12. Rb1 Nc5 13. Qe3 f5 14. f4 fxe4 15.
Rbd1 e5 16. Nb5 Qe7 17. Rxd6 exf4 18. Qxc5 f3 19. gxf3 exf3 20. Bxf3 Bh3 21.
Rf2 Rae8 22. Qd5+ Kh8 23. Qd2 Nb4 24. Bg2 Bxg2+ 25. Kxg2 Qe4+ 26. Kg1 Nxc2 27.
Qc3+ Kg8 28. Rxc2 Qg4+ 29. Rg2 Qe4 30. Rd1 Rf3 31. Qc1 Qe5 32. Rf1 Re3 33. b3
Qc5 34. Kh1 Re2 35. Qf4 Qe7 36. Nd6 Rxg2 37. Kxg2 Rd8 38. Ne4 Qe6 39. Nf6+ Kh8
40. Nd5 1-0

[Event "Deutsche Ländermeisterschaft 2014"]
[Site "Hannover GER"]
[Date "2014.10.06"]
[Round "6"]
[White "Schamber, Dennis"]
[Black "Brandt, Carina"]
[Result "1/2-1/2"]
[Termination "normal"]
[Board "9.5"]
[WhiteElo "1552"]
[BlackElo "1886"]
[WhiteTeam "Mecklenburg-Vorpommern"]
[BlackTeam "Hamburg"]
[PlyCount "160"]
[WhiteFideId "12952176"]
[BlackFideId "12917940"]
[EventCountry "GER"]
[EventRounds "7"]
[EventType "team-swiss"]
[EventDate "2014.10.02"]

1. d4 Nf6 2. c4 e6 3. Nf3 b6 4. Nc3 Bb4 5. Bg5 Bb7 6. e3 Bxc3+ 7. bxc3 c5 8.
Bd3 h6 9. Bh4 d6 10. O-O O-O 11. Qc2 Nbd7 12. Nd2 Qc7 13. Rfc1 Qc6 14. e4 e5
15. d5 Qc7 16. h3 Nh5 17. a4 g6 18. Be2 Nf4 19. Bg4 h5 20. Bf3 f6 21. Kh2 g5
22. g3 Ng6 23. Bxh5 Kg7 24. Nf3 gxh4 25. Nxh4 Nxh4 26. gxh4 Rh8 27. Qe2 Rag8
28. Qg4+ Kf8 29. Qf5 Qd8 30. a5 Bc8 31. Rg1 Qe7 32. axb6 Nxb6 33. Qf3 Rxg1 34.
Rxg1 Rg8 35. Ra1 Qg7 36. Rb1 Nxc4 37. Qh1 Nb6 38. Ra1 Nc4 39. Rb1 Nd2 40. Rb8
Qc7 41. Rb2 Nc4 42. Rb1 Qg7 43. Rb8 Nb6 44. Bg4 Qc7 45. Qf3 Ke7 46. Bxc8 Qxb8
47. Be6 Rg7 48. Bg4 Qf8 49. Qf5 Kd8 50. Kg3 Qe7 51. h5 Rg5 52. Qf3 Qg7 53. Kh2
Qh6 54. Qe2 Rg7 55. f3 Qc1 56. Qb5 Qf4+ 57. Kg2 Rc7 58. Bf5 Qg5+ 59. Bg4 Qd2+
60. Kg3 Qxc3 61. h6 Qd2 62. h7 Qf4+ 63. Kg2 Rxh7 64. Qc6 Qd2+ 65. Kg3 Qe1+ 66.
Kg2 Qe2+ 67. Kg3 Qe1+ 68. Kg2 Rd7 69. Bxd7 Nxd7 70. Qxd6 Qd2+ 71. Kg3 Qg5+ 72.
Kf2 Qd2+ 73. Kg3 Qb4 74. Qe6 c4 75. d6 Qe1+ 76. Kg2 Qd2+ 77. Kg3 Qe1+ 78. Kg2
Qd2+ 79. Kg3 Qg5+ 80. Kf2 Qd2+ 1/2-1/2

[Event "Deutsche Ländermeisterschaft 2014"]
[Site "Hannover GER"]
[Date "2014.10.06"]
[Round "6"]
[White "Jörs, Pia-Milena"]
[Black "Voß, Henrike"]
[Result "1/2-1/2"]
[Termination "normal"]
[Board "9.7"]
[WhiteElo "1222"]
[BlackElo "1604"]
[WhiteTeam "Mecklenburg-Vorpommern"]
[BlackTeam "Hamburg"]
[PlyCount "103"]
[WhiteFideId "12964646"]
[BlackFideId "12971910"]
[EventCountry "GER"]
[EventRounds "7"]
[EventType "team-swiss"]
[EventDate "2014.10.02"]

1. e4 e5 2. Nf3 Nc6 3. Bc4 Bc5 4. c3 Nf6 5. d4 exd4 6. cxd4 Bb4+ 7. Bd2 Bxd2+
8. Nbxd2 d5 9. exd5 Nxd5 10. O-O O-O 11. Re1 Be6 12. a3 Re8 13. Qc2 Nf4 14. Nb3
Bd5 15. Bxd5 Qxd5 16. Rad1 Re6 17. Rxe6 Qxe6 18. Ng5 Qg6 19. Qxg6 Nxg6 20. d5
Rd8 21. Ne4 Nge7 22. Nc3 Ne5 23. Nc5 b6 24. N5a4 a6 25. b3 f6 26. f4 Ng4 27.
Rd3 Kf8 28. h3 Nh6 29. Kf2 Nf7 30. g4 f5 31. Kf3 Nd6 32. g5 Nb7 33. Nb2 c6 34.
dxc6 Rxd3+ 35. Nxd3 Nxc6 36. Ke3 Nba5 37. Na4 Nxb3 38. Nxb6 Nbd4 39. a4 Kf7 40.
Nd7 Ne6 41. N7e5+ Nxe5 42. Nxe5+ Ke7 43. h4 g6 44. Nc6+ Kd6 45. Nd4 Kd5 46.
Nxe6 Kxe6 47. Kd4 Kd6 48. a5 Kc6 49. Kc4 Kd6 50. Kd4 Kc6 51. Kc4 Kd6 52. Kd4
1/2-1/2

[Event "Deutsche Ländermeisterschaft 2014"]
[Site "Hannover GER"]
[Date "2014.10.06"]
[Round "6"]
[White "Michna, Masza"]
[Black "Eulitz, Charlotte"]
[Result "0-1"]
[Termination "normal"]
[Board "9.8"]
[WhiteElo "1347"]
[BlackElo "1469"]
[WhiteTeam "Hamburg"]
[BlackTeam "Mecklenburg-Vorpommern"]
[PlyCount "28"]
[WhiteFideId "12921998"]
[BlackFideId "12964654"]
[EventCountry "GER"]
[EventRounds "7"]
[EventType "team-swiss"]
[EventDate "2014.10.02"]

1. e4 e5 2. d4 exd4 3. Qxd4 Nc6 4. Qe3 d6 5. Nc3 Nf6 6. Bd2 Be7 7. O-O-O Be6 8.
f4 d5 9. exd5 Nxd5 10. Nxd5 Qxd5 11. b3 O-O-O 12. Nf3 Qf5 13. Bd3 Qf6 14. Bb5
Qa1# 0-1

[Event "Deutsche Ländermeisterschaft 2014"]
[Site "Hannover GER"]
[Date "2014.10.07"]
[Round "7"]
[White "Wenninger, Philipp"]
[Black "Noe, Christopher"]
[Result "1-0"]
[Termination "normal"]
[Board "1.1"]
[BlackTitle "FM"]
[WhiteElo "2259"]
[BlackElo "2330"]
[WhiteClock "00:02:24"]
[BlackClock "00:21:17"]
[WhiteTeam "Bayern"]
[BlackTeam "Baden 1"]
[PlyCount "83"]
[WhiteFideId "4648404"]
[BlackFideId "24692018"]
[EventCountry "GER"]
[EventRounds "7"]
[EventType "team-swiss"]
[EventDate "2014.10.02"]

1. d4 {[%clk 1:30:55]} f5 {[%clk 1:30:50]} 2. Nc3 {[%clk 1:31:09]} Nf6 {[%clk
1:29:42]} 3. Bg5 {[%clk 1:31:24]} d5 {[%clk 1:28:11]} 4. f3 {[%clk 1:21:44]}
Nbd7 {[%clk 1:13:21]} 5. e4 {[%clk 1:17:06]} h6 {[%clk 1:07:34]} 6. Bh4 {[%clk
1:16:10]} g5 {[%clk 1:01:32]} 7. Bf2 {[%clk 1:14:18]} e6 {[%clk 1:01:15]} 8. h4
{[%clk 1:10:00]} Bg7 {[%clk 1:00:54]} 9. Bd3 {[%clk 1:05:48]} Nb6 {[%clk
0:57:44]} 10. e5 {[%clk 0:55:15]} Ng8 {[%clk 0:55:19]} 11. Qd2 {[%clk 0:52:24]}
c5 {[%clk 0:50:06]} 12. hxg5 {[%clk 0:48:46]} hxg5 {[%clk 0:48:16]} 13. Rxh8
{[%clk 0:49:09]} Bxh8 {[%clk 0:48:42]} 14. Nh3 {[%clk 0:37:45]} c4 {[%clk
0:38:30]} 15. Be2 {[%clk 0:37:56]} f4 {[%clk 0:38:48]} 16. g3 {[%clk 0:37:47]}
fxg3 {[%clk 0:38:26]} 17. Bxg3 {[%clk 0:38:05]} Nh6 {[%clk 0:38:48]} 18. Bh4
{[%clk 0:33:27]} gxh4 {[%clk 0:37:39]} 19. Qxh6 {[%clk 0:33:50]} Kd7 {[%clk
0:37:57]} 20. Ng5 {[%clk 0:33:33]} Qg8 {[%clk 0:36:36]} 21. f4 {[%clk 0:30:29]}
Kc6 {[%clk 0:31:28]} 22. Bg4 {[%clk 0:28:39]} Bg7 {[%clk 0:30:58]} 23. Qg6
{[%clk 0:27:12]} Bd7 {[%clk 0:31:21]} 24. Nxe6 {[%clk 0:26:51]} Bf6 {[%clk
0:29:24]} 25. Qxf6 {[%clk 0:21:55]} Qxg4 {[%clk 0:29:35]} 26. Nc5+ {[%clk
0:21:18]} Kc7 {[%clk 0:29:57]} 27. Qd6+ {[%clk 0:19:38]} Kc8 {[%clk 0:29:42]}
28. Qf8+ {[%clk 0:17:10]} Kc7 {[%clk 0:30:02]} 29. Qd6+ {[%clk 0:17:34]} Kc8
{[%clk 0:30:28]} 30. Ne2 {[%clk 0:17:07]} c3 {[%clk 0:30:23]} 31. Qf8+ {[%clk
0:06:34]} Kc7 {[%clk 0:30:48]} 32. Qd6+ {[%clk 0:07:02]} Kc8 {[%clk 0:31:13]}
33. Nxd7 {[%clk 0:05:11]} cxb2 {[%clk 0:28:02]} 34. Nxb6+ {[%clk 0:05:03]} axb6
{[%clk 0:28:28]} 35. Rb1 {[%clk 0:05:17]} Rxa2 {[%clk 0:24:04]} 36. Qf8+ {[%clk
0:05:23]} Kc7 {[%clk 0:23:12]} 37. Qd6+ {[%clk 0:05:52]} Kc8 {[%clk 0:23:39]}
38. Kd2 {[%clk 0:05:56]} Qf3 {[%clk 0:23:57]} 39. Qf8+ {[%clk 0:06:00]} Kc7
{[%clk 0:24:22]} 40. Qd6+ {[%clk 0:06:26]} Kc8 {[%clk 0:24:49]} 41. e6 {[%clk
0:04:01]} Ra1 {[%clk 0:21:17]} 42. e7 {[%clk 0:02:24]} 1-0

[Event "Deutsche Ländermeisterschaft 2014"]
[Site "Hannover GER"]
[Date "2014.10.07"]
[Round "7"]
[White "Mons, Leon"]
[Black "Ott, Florian"]
[Result "1-0"]
[Termination "normal"]
[Board "1.2"]
[WhiteTitle "IM"]
[WhiteElo "2416"]
[BlackElo "2179"]
[WhiteClock "00:57:04"]
[BlackClock "00:16:59"]
[WhiteTeam "Baden 1"]
[BlackTeam "Bayern"]
[PlyCount "57"]
[WhiteFideId "4614950"]
[BlackFideId "12900281"]
[EventCountry "GER"]
[EventRounds "7"]
[EventType "team-swiss"]
[EventDate "2014.10.02"]

1. Nf3 {[%clk 1:30:45]} c5 {[%clk 1:30:59]} 2. e4 {[%clk 1:30:34]} d6 {[%clk
1:31:25]} 3. Bb5+ {[%clk 1:31:00]} Bd7 {[%clk 1:31:52]} 4. c4 {[%clk 1:30:57]}
Nf6 {[%clk 1:31:55]} 5. Nc3 {[%clk 1:31:20]} g6 {[%clk 1:32:23]} 6. O-O {[%clk
1:31:23]} Bg7 {[%clk 1:32:50]} 7. d4 {[%clk 1:31:39]} cxd4 {[%clk 1:33:17]} 8.
Nxd4 {[%clk 1:32:00]} O-O {[%clk 1:33:43]} 9. Bxd7 {[%clk 1:32:05]} Qxd7 {[%clk
1:33:32]} 10. b3 {[%clk 1:28:26]} Nc6 {[%clk 1:32:33]} 11. Bb2 {[%clk 1:28:44]}
a6 {[%clk 1:32:19]} 12. Nxc6 {[%clk 1:26:32]} Qxc6 {[%clk 1:32:25]} 13. Nd5
{[%clk 1:26:37]} Nxd5 {[%clk 1:32:43]} 14. exd5 {[%clk 1:27:02]} Qd7 {[%clk
1:33:02]} 15. Bxg7 {[%clk 1:27:19]} Kxg7 {[%clk 1:33:31]} 16. a4 {[%clk
1:14:12]} Kg8 {[%clk 1:30:59]} 17. Re1 {[%clk 1:12:43]} Rac8 {[%clk 1:28:22]}
18. Qd2 {[%clk 1:11:40]} e5 {[%clk 1:27:45]} 19. dxe6 {[%clk 1:11:57]} fxe6
{[%clk 1:28:14]} 20. Rad1 {[%clk 1:11:41]} Rc6 {[%clk 1:28:42]} 21. Qe3 {[%clk
1:07:08]} Re8 {[%clk 1:27:51]} 22. h4 {[%clk 1:06:55]} Qf7 {[%clk 1:28:13]} 23.
h5 {[%clk 1:06:10]} gxh5 {[%clk 1:26:51]} 24. Rxd6 {[%clk 1:04:08]} Rxd6 {[%clk
1:25:30]} 25. Qg3+ {[%clk 1:04:31]} Qg6 {[%clk 1:25:52]} 26. Qxd6 {[%clk
1:04:47]} h4 {[%clk 0:56:08]} 27. Re3 {[%clk 1:00:30]} Qb1+ {[%clk 0:16:54]}
28. Kh2 {[%clk 1:00:33]} Qg6 {[%clk 0:16:59]} 29. Qf4 {[%clk 0:57:04]} 1-0

[Event "Deutsche Ländermeisterschaft 2014"]
[Site "Hannover GER"]
[Date "2014.10.07"]
[Round "7"]
[White "Klek, Hanna Marie"]
[Black "Grunau, Christoph"]
[Result "1/2-1/2"]
[Termination "normal"]
[Board "1.3"]
[WhiteElo "2225"]
[BlackElo "2126"]
[WhiteClock "00:10:15"]
[BlackClock "00:05:12"]
[WhiteTeam "Bayern"]
[BlackTeam "Baden 1"]
[PlyCount "76"]
[WhiteFideId "24670057"]
[BlackFideId "12929760"]
[EventCountry "GER"]
[EventRounds "7"]
[EventType "team-swiss"]
[EventDate "2014.10.02"]

1. e4 {[%clk 1:30:58]} d6 {[%clk 1:30:49]} 2. d4 {[%clk 1:31:22]} Nf6 {[%clk
1:31:13]} 3. Nc3 {[%clk 1:31:47]} e5 {[%clk 1:31:29]} 4. Nf3 {[%clk 1:31:12]}
Nbd7 {[%clk 1:31:34]} 5. Bc4 {[%clk 1:31:05]} Be7 {[%clk 1:31:31]} 6. O-O
{[%clk 1:31:27]} O-O {[%clk 1:31:41]} 7. Re1 {[%clk 1:31:49]} a6 {[%clk
1:31:50]} 8. a4 {[%clk 1:32:12]} b6 {[%clk 1:32:04]} 9. b4 {[%clk 1:20:34]} c6
{[%clk 1:15:13]} 10. Ba2 {[%clk 1:16:48]} Bb7 {[%clk 1:12:43]} 11. Bb2 {[%clk
1:08:50]} b5 {[%clk 0:52:50]} 12. axb5 {[%clk 1:06:20]} axb5 {[%clk 0:49:36]}
13. Nb1 {[%clk 0:55:32]} d5 {[%clk 0:45:34]} 14. exd5 {[%clk 0:52:46]} Nxd5
{[%clk 0:45:20]} 15. dxe5 {[%clk 0:50:25]} Bxb4 {[%clk 0:43:45]} 16. c3 {[%clk
0:48:49]} Ba5 {[%clk 0:41:18]} 17. Qc2 {[%clk 0:43:02]} Re8 {[%clk 0:37:12]}
18. Nbd2 {[%clk 0:42:01]} Bc7 {[%clk 0:36:26]} 19. Bb1 {[%clk 0:41:49]} g6
{[%clk 0:35:33]} 20. Rxa8 {[%clk 0:39:17]} Bxa8 {[%clk 0:35:20]} 21. c4 {[%clk
0:38:28]} Nf4 {[%clk 0:32:54]} 22. Qc3 {[%clk 0:29:44]} Ne6 {[%clk 0:29:58]}
23. Rd1 {[%clk 0:27:19]} Ndc5 24. Qc2 {[%clk 0:24:23]} Qb8 {[%clk 0:21:28]} 25.
h4 {[%clk 0:22:42]} b4 {[%clk 0:20:14]} 26. Nf1 {[%clk 0:20:43]} Rd8 {[%clk
0:16:18]} 27. h5 {[%clk 0:19:53]} Rxd1 {[%clk 0:15:50]} 28. Qxd1 {[%clk
0:20:14]} Qd8 {[%clk 0:15:43]} 29. Qe1 {[%clk 0:18:42]} b3 {[%clk 0:13:39]} 30.
hxg6 {[%clk 0:17:45]} hxg6 {[%clk 0:14:04]} 31. Qe3 {[%clk 0:17:35]} Qd1 {[%clk
0:10:17]} 32. N3d2 {[%clk 0:17:00]} Ba5 {[%clk 0:09:32]} 33. Be4 {[%clk
0:10:49]} Bxd2 {[%clk 0:04:56]} 34. Qxd2 {[%clk 0:11:13]} Qxd2 {[%clk 0:05:01]}
35. Nxd2 {[%clk 0:11:38]} Nxe4 {[%clk 0:05:24]} 36. Nxe4 {[%clk 0:12:04]} Bb7
{[%clk 0:05:08]} 37. Nd2 {[%clk 0:10:48]} Ba6 {[%clk 0:05:09]} 38. Nxb3 {[%clk
0:10:15]} Bxc4 {[%clk 0:05:12]} 1/2-1/2

[Event "Deutsche Ländermeisterschaft 2014"]
[Site "Hannover GER"]
[Date "2014.10.07"]
[Round "7"]
[White "Wiesner, Paula"]
[Black "Gretz, Denis"]
[Result "1-0"]
[Termination "normal"]
[Board "1.4"]
[WhiteElo "1985"]
[BlackElo "2040"]
[WhiteClock "00:10:57"]
[BlackClock "00:11:09"]
[WhiteTeam "Baden 1"]
[BlackTeam "Bayern"]
[PlyCount "109"]
[WhiteFideId "24654019"]
[BlackFideId "12945188"]
[EventCountry "GER"]
[EventRounds "7"]
[EventType "team-swiss"]
[EventDate "2014.10.02"]

1. d4 {[%clk 1:30:59]} d5 {[%clk 1:30:50]} 2. c4 {[%clk 1:31:26]} e5 {[%clk
1:31:06]} 3. dxe5 {[%clk 1:29:56]} d4 {[%clk 1:31:23]} 4. Nf3 {[%clk 1:26:49]}
Nc6 {[%clk 1:31:41]} 5. Nbd2 {[%clk 1:16:30]} Bg4 {[%clk 1:31:47]} 6. Nb3
{[%clk 1:13:08]} Qd7 {[%clk 1:13:13]} 7. a3 {[%clk 1:09:35]} O-O-O {[%clk
1:12:28]} 8. Bf4 {[%clk 1:07:46]} Nge7 {[%clk 1:02:53]} 9. g3 {[%clk 1:02:08]}
Bxf3 {[%clk 0:56:47]} 10. exf3 {[%clk 1:02:31]} Ng6 {[%clk 0:56:35]} 11. Bd3
{[%clk 0:57:12]} Ngxe5 {[%clk 0:53:29]} 12. O-O {[%clk 0:52:30]} Nxd3 {[%clk
0:43:00]} 13. Qxd3 {[%clk 0:52:51]} f6 {[%clk 0:42:54]} 14. Kg2 {[%clk
0:50:59]} g5 {[%clk 0:38:05]} 15. Bd2 {[%clk 0:50:55]} Ne5 {[%clk 0:36:06]} 16.
Qe2 {[%clk 0:45:01]} Qa4 {[%clk 0:30:28]} 17. Na5 {[%clk 0:32:06]} b6 {[%clk
0:28:12]} 18. b3 {[%clk 0:26:21]} Qe8 {[%clk 0:24:46]} 19. Qe4 {[%clk 0:25:32]}
c6 {[%clk 0:19:57]} 20. Qf5+ {[%clk 0:13:15]} Qd7 {[%clk 0:16:06]} 21. Qxf6
{[%clk 0:13:37]} Bg7 {[%clk 0:15:39]} 22. Qxg5 {[%clk 0:13:51]} bxa5 {[%clk
0:15:06]} 23. f4 {[%clk 0:13:08]} h6 {[%clk 0:14:20]} 24. Qh5 {[%clk 0:11:38]}
Qg4 {[%clk 0:13:06]} 25. Qxg4+ {[%clk 0:11:57]} Nxg4 {[%clk 0:13:30]} 26. Bxa5
{[%clk 0:11:27]} Rde8 {[%clk 0:13:05]} 27. Rad1 {[%clk 0:10:36]} h5 {[%clk
0:09:44]} 28. h3 {[%clk 0:10:12]} Nh6 {[%clk 0:10:09]} 29. Kf3 {[%clk 0:10:07]}
Re6 {[%clk 0:08:56]} 30. Rfe1 {[%clk 0:09:01]} Rhe8 {[%clk 0:09:17]} 31. Rxe6
{[%clk 0:08:57]} Rxe6 {[%clk 0:09:40]} 32. Re1 {[%clk 0:06:41]} Kd7 {[%clk
0:10:01]} 33. g4 {[%clk 0:05:21]} Rxe1 34. Bxe1 {[%clk 0:05:45]} Ke6 {[%clk
0:09:02]} 35. b4 {[%clk 0:04:37]} hxg4+ {[%clk 0:08:43]} 36. hxg4 {[%clk
0:05:02]} Nf7 {[%clk 0:08:48]} 37. Ke4 {[%clk 0:04:09]} Nd6+ {[%clk 0:08:21]}
38. Kd3 {[%clk 0:04:32]} Kd7 {[%clk 0:07:21]} 39. f3 {[%clk 0:03:42]} c5 {[%clk
0:07:32]} 40. f5 {[%clk 0:01:53]} Kc6 {[%clk 0:03:41]} 41. Bh4 {[%clk 0:00:32]}
Nf7 {[%clk 0:30:00]} 42. f4 {[%clk 0:29:40]} Bf8 {[%clk 0:24:44]} 43. b5+
{[%clk 0:26:18]} Kd7 {[%clk 0:24:40]} 44. g5 {[%clk 0:23:22]} Nd6 {[%clk
0:20:28]} 45. f6 {[%clk 0:23:03]} Nf5 {[%clk 0:20:18]} 46. g6 {[%clk 0:21:41]}
Ke6 {[%clk 0:19:39]} 47. g7 {[%clk 0:21:14]} Kf7 {[%clk 0:15:37]} 48. gxf8=Q+
{[%clk 0:20:34]} Kxf8 {[%clk 0:16:00]} 49. Bg5 {[%clk 0:20:40]} Kf7 {[%clk
0:16:14]} 50. a4 {[%clk 0:20:19]} Ke6 {[%clk 0:15:29]} 51. a5 {[%clk 0:20:08]}
Nd6 {[%clk 0:15:02]} 52. Bh6 {[%clk 0:18:29]} Kf7 {[%clk 0:12:42]} 53. a6
{[%clk 0:14:46]} Nc8 {[%clk 0:12:21]} 54. f5 {[%clk 0:11:53]} Nb6 {[%clk
0:11:09]} 55. Bf4 {[%clk 0:10:57]} 1-0

[Event "Deutsche Ländermeisterschaft 2014"]
[Site "Hannover GER"]
[Date "2014.10.07"]
[Round "7"]
[White "Oberhofer, Cédric"]
[Black "Hartmann, Martin"]
[Result "1/2-1/2"]
[Termination "normal"]
[Board "1.5"]
[WhiteElo "2041"]
[BlackElo "1864"]
[WhiteClock "00:05:30"]
[BlackClock "00:03:58"]
[WhiteTeam "Bayern"]
[BlackTeam "Baden 1"]
[PlyCount "140"]
[WhiteFideId "12941220"]
[BlackFideId "12911925"]
[EventCountry "GER"]
[EventRounds "7"]
[EventType "team-swiss"]
[EventDate "2014.10.02"]

1. e4 {[%clk 1:30:59]} c5 {[%clk 1:30:55]} 2. Nf3 {[%clk 1:31:26]} a6 {[%clk
1:31:21]} 3. d4 {[%clk 1:29:47]} cxd4 {[%clk 1:31:42]} 4. Nxd4 {[%clk 1:30:05]}
Nf6 {[%clk 1:32:02]} 5. Nc3 {[%clk 1:21:25]} e5 {[%clk 1:32:21]} 6. Nb3 {[%clk
1:21:14]} Bb4 {[%clk 1:32:01]} 7. Bd3 {[%clk 1:17:26]} d6 {[%clk 1:25:15]} 8.
O-O {[%clk 1:13:28]} O-O {[%clk 1:23:51]} 9. Bg5 {[%clk 1:09:51]} Bxc3 {[%clk
1:22:30]} 10. bxc3 {[%clk 1:10:17]} Nbd7 {[%clk 1:16:20]} 11. Qe2 {[%clk
1:04:28]} Qc7 {[%clk 1:14:33]} 12. Bd2 {[%clk 1:03:24]} b6 {[%clk 1:11:50]} 13.
Kh1 {[%clk 0:58:26]} Bb7 {[%clk 1:09:46]} 14. c4 {[%clk 0:53:22]} a5 {[%clk
0:58:35]} 15. Bg5 {[%clk 0:47:03]} h6 {[%clk 0:52:55]} 16. Bh4 {[%clk 0:46:23]}
Rac8 {[%clk 0:48:00]} 17. Nd2 {[%clk 0:40:09]} Rfe8 {[%clk 0:38:24]} 18. Rab1
{[%clk 0:38:40]} Nh7 {[%clk 0:31:35]} 19. Qe3 {[%clk 0:32:59]} Nhf8 {[%clk
0:28:02]} 20. f4 {[%clk 0:29:46]} Ng6 {[%clk 0:26:11]} 21. Bg3 {[%clk 0:29:51]}
exf4 {[%clk 0:19:41]} 22. Bxf4 {[%clk 0:30:10]} Nc5 {[%clk 0:17:19]} 23. Rbe1
{[%clk 0:25:56]} Qc6 {[%clk 0:12:26]} 24. Qg3 {[%clk 0:23:35]} Rcd8 {[%clk
0:10:37]} 25. h4 {[%clk 0:21:44]} Nxf4 {[%clk 0:06:34]} 26. Rxf4 {[%clk
0:20:18]} Ne6 {[%clk 0:06:49]} 27. Rf2 {[%clk 0:18:35]} Qc5 {[%clk 0:04:06]}
28. Ref1 {[%clk 0:18:17]} Re7 {[%clk 0:03:40]} 29. Rf5 {[%clk 0:14:56]} Qc7
{[%clk 0:02:32]} 30. Rh5 {[%clk 0:13:15]} Kh8 {[%clk 0:01:36]} 31. Rf6 {[%clk
0:10:19]} g6 {[%clk 0:00:48]} 32. Rhf5 {[%clk 0:05:58]} Kg7 {[%clk 0:00:40]}
33. Rf1 {[%clk 0:06:13]} Nf8 {[%clk 0:00:37]} 34. R6f2 {[%clk 0:05:19]} Qc5
{[%clk 0:00:37]} 35. Qf4 {[%clk 0:04:16]} Qe5 {[%clk 0:00:53]} 36. Rb1 {[%clk
0:03:25]} Qxf4 {[%clk 0:01:08]} 37. Rxf4 {[%clk 0:03:49]} Nd7 {[%clk 0:01:36]}
38. Kg1 {[%clk 0:02:45]} Bc6 {[%clk 0:01:33]} 39. Rff1 {[%clk 0:01:02]} Rb8
{[%clk 0:01:46]} 40. Rfe1 {[%clk 0:00:45]} Nc5 {[%clk 0:01:17]} 41. Kf2 {[%clk
0:25:48]} Re6 {[%clk 0:24:19]} 42. Ke3 {[%clk 0:19:21]} Rbe8 {[%clk 0:21:25]}
43. Rxb6 {[%clk 0:15:32]} Bxe4 {[%clk 0:16:17]} 44. Nxe4 {[%clk 0:15:42]} Nxe4
{[%clk 0:16:42]} 45. Kd4 {[%clk 0:15:57]} f5 {[%clk 0:07:12]} 46. Bxe4 {[%clk
0:15:15]} Rxe4+ {[%clk 0:06:35]} 47. Rxe4 {[%clk 0:15:41]} fxe4 {[%clk
0:07:02]} 48. Ke3 {[%clk 0:15:53]} Rc8 {[%clk 0:07:14]} 49. Kxe4 {[%clk
0:09:27]} Rxc4+ {[%clk 0:07:34]} 50. Kd3 {[%clk 0:09:49]} Rxh4 {[%clk 0:07:52]}
51. Rxd6 {[%clk 0:09:44]} Rg4 {[%clk 0:07:53]} 52. c4 {[%clk 0:09:12]} Kf7
{[%clk 0:08:05]} 53. c5 {[%clk 0:09:14]} Ke7 {[%clk 0:08:24]} 54. Ra6 {[%clk
0:08:30]} Kd7 {[%clk 0:06:52]} 55. Rxa5 {[%clk 0:08:14]} Kc6 {[%clk 0:07:18]}
56. Ke3 {[%clk 0:07:51]} Rxg2 {[%clk 0:07:17]} 57. Kf3 {[%clk 0:08:12]} Rg1
{[%clk 0:06:45]} 58. Kf2 {[%clk 0:06:09]} Rg4 {[%clk 0:06:59]} 59. a4 {[%clk
0:04:47]} h5 {[%clk 0:07:25]} 60. Ra8 {[%clk 0:04:35]} Kxc5 {[%clk 0:06:58]}
61. a5 {[%clk 0:04:49]} Kb5 {[%clk 0:06:58]} 62. Kf3 {[%clk 0:04:54]} g5 {[%clk
0:06:54]} 63. a6 {[%clk 0:04:53]} Kb6 {[%clk 0:07:18]} 64. Rh8 {[%clk 0:05:02]}
Rf4+ {[%clk 0:07:42]} 65. Ke3 {[%clk 0:05:27]} h4 {[%clk 0:06:50]} 66. Rh6+
{[%clk 0:05:26]} Ka7 {[%clk 0:07:12]} 67. Rh5 {[%clk 0:05:43]} Rf5 {[%clk
0:05:48]} 68. Rh6 {[%clk 0:05:49]} Ra5 {[%clk 0:06:11]} 69. Rg6 {[%clk
0:05:30]} Ra3+ {[%clk 0:04:36]} 70. Kf2 {[%clk 0:05:30]} Rxa6 {[%clk 0:03:58]}
1/2-1/2